000 00399nam a2200145Ia 4500
008 210210b2004 xxu||||| |||| 00| 0 eng d
020 _a81 7881 946 5
082 _a658 ICFI
100 _aICFAI.
245 _aIntroduction to management: for undergraduate programs.
260 _aHyderabad
_bICFAI Center for Management Research
_c2004
300 _a277
690 _aManagement
906 _a061687
999 _c108221
_d108221